00531pab a2200157 454500008004000000100001600040245009900056260000900155300001200164362001200176650002100188773003100209909001000240999001700250952010600267180718b1999 xxu||||| |||| 00| 0 eng d aByres, T.J. aRural labour relations in India: persistent themes, common processes and differential outcomes c1999 ap.10-24 aJan-Apr aLabour relations aJournal of Peasant Studies a41325 c41325d41325 00104070aIIPAbIIPAd2018-07-19hVolume no: 26, Issue no: 2-3pAR41701r2018-07-19w2018-07-19yAR